000 05565cam a22005414i 4500
003 PE-LiUPU
005 20250731173041.0
008 171221s2011 miu rb 000 0 eng d
020 _a9780825425622
_q(Volume 1)
020 _a9780825425639
_q(Volume 2)
020 _a9780825426667
_q(Volume 3)
035 _a(Sirsi) a240621
040 _aPE-LiUPU
_bspa
_cPE-LiUPU
_erda
049 _aPRUA
082 0 4 _a223.2077
_bR84
_222
100 1 _aRoss, Allen P.,
_eautor.
245 1 2 _aA Commentary on the Psalms /
_cAllen P. Ross.
264 1 _aGrand Rapids :
_bKregel Publications,
_c2011.
300 _a3 volumenes ;
_c24 centímetros
336 _atext
_2rdacontent
337 _aunmediated
_2rdamedia
338 _avolume
_2rdacarrier
490 0 _aKregel exegetical commentary
504 _aIncluye bibliografía.
505 0 _aVolume 1.
_aThe life that is blessed -- The coronation of God's Son -- Confidence in the face of adversity -- Safe and secure in God's love in spite of false accusations -- Deliverance from dangerous deception -- A prayer for deliverance from severe chastening -- An appeal of the innocent before the righteous judge -- Glory condescending to mankind -- Confident praise for vindication -- The oppression of the helpless -- Holding fast to the faith -- Truth in a world of deception -- The cry of the afflicted -- The folly and the future of the fool -- Qualifications of worshipers -- The LORD's everlasting provision and protection -- Vindication and protection for the righteous -- A royal thanksgiving for divine intervention in battle -- The design of divine revelation -- Confidence in the name of the LORD -- The triumph of the LORD's anointed -- Afflicted by the wicked, abandoned by God, a cry of despair -- The faithful provisions of the LORD -- Preparation to praise the King of Glory -- The way of the LORD, forgiveness, deliverance, and guidance -- Separation from ainners -- A prayer song of courageous trust -- A confident cry for deliverance from the wicked and their destiny -- The powerful "voice" of the LORD -- A moment in his anger, a lifetime in his favor -- Trust in the time of trouble -- The joy of forgiveness -- A new song of praise for his word and his faithfulness, his righteousness, and his love -- Edifying praise for the goodness of God -- Hated without a cause -- God's preserving, fulfilling love -- The righteousness of divine providence -- Prayer of a sick man suffering because of sin -- The prayer of a desperately sick man -- The song of sacrificial service -- Encouragement for help against treachery.
505 0 _aVolume 2.
_aYearning for God -- When People Suffer and God Seems Not to Care -- The Royal Wedding Song -- The Powerful Presence of God -- The King over All the Earth -- The City of the Great King -- The Folly of Trusting in Wealth -- A Prophetic Indictment of Hollow and Hypocritical Worship -- The Necessity of Full Forgiveness -- Deliverance from the Deceitful Person -- The Shaming of the Fool -- A Confident Prayer for Deliverance from Violent Men -- Confidence in the Lord in a Time of Betrayal and Oppression -- Confidence in the Lord Who Cares -- A Prayer of a Steadfast Heart -- Unrighteous Judges -- The Triumph of God's Loyal Love over Arrogant Adversaries -- Assurance from God's Oracles -- The Rock Higher Than I -- Silent Confidence in God Alone -- Longing to See God in the Sanctuary -- A Prayer for Protection from the Conspiracy of Terror -- God of Grace and God of Glory -- Praise from All the Earth -- Why God's Face Shines upon Us -- The Lord's Triumphal March and Ascension to Mount Zion -- Zeal for the House of the Lord -- Make Haste To Save Me -- The Faith of an Aging Saint -- The Everlasting Dominion of the Righteous King -- The Troubling Prosperity of the Wicked versus the Hope of Glory -- The Destruction of God's Sanctuary -- An Oracle on the LORD's Certain Judgment -- The Terrifying Power of the Divine Judge -- Comfort for the Troubled Soul -- They Forgot His Works -- Avenging the Destruction of Jerusalem -- The Restoration of the Lord's Vine -- A Festival for the Remembrance of the Lord's Deliverance -- The Rebuke of Judges -- The Desire for Judgment on Evil Nations -- Delight in the Sanctuary of the Lord -- When Righteousness and Peace Kiss -- Supplication to the Incomparable God -- Glorious Zion, City of God -- Persistent Prayer for Deliverance from Death's Darkness -- A Prayer for the Fulfillment of the Davidic Covenant.
505 0 _aVolume 3.
_aPsalms 90-150.
526 _aSEG42
526 _aSEG41
526 _aSEG40
526 _aSEG39
526 _aP94
526 _aP87
526 _aP86
526 _aP85
526 _aP77
526 _aP76
526 _aP35
630 0 4 _aBiblia.
_pSalmos
_vComentarios.
910 _adbm
_bncf
_cncf
_d20171220
942 _2ddc
_cBOOK
994 _aC0
_bPEPRU
596 _a1
999 _a223.2077 R84 1
_wDEWEY
_c26300
_i77668
_d26300
_e2019-10-10
_f2021-11-9
_g4
_lCCODEBUL1
_mBUL
_n2
_p45.54
_q6
_r0
_sY
_tBOOK
_u2017-12-21
_xTEOLOGIA
_PP85
_0DONACION
_o.STAFF. Colección Teología
999 _a223.2077 R84 2
_wDEWEY
_c1
_i77669
_d2018-8-21
_f2021-11-9
_g4
_lCCODEBUL1
_mBUL
_p45.54
_q2
_r0
_sY
_tBOOK
_u2017-12-21
_xTEOLOGIA
_PP85
_0DONACION
_o.STAFF. Colección Teología
999 _a223.2077 R84 3
_wDEWEY
_c1
_i77670
_d2019-6-21
_e2019-6-20
_f2021-11-9
_g4
_lCCODEBUL1
_mBUL
_n5
_p45.54
_q13
_r0
_sY
_tBOOK
_u2017-12-21
_xTEOLOGIA
_PP85
_0DONACION
_o.STAFF. Colección Teología
980 _81
_gALBERTO SANCHEZ Responsable de Automatización